Statistics for Byene/Tettstedene i Troms / Romsa over 2,000 innbyggere

Click here to take the quiz!

General Stats

  • This quiz has been taken 29 times
  • The average score is 4 of 5

Answer Stats

BefolkningBy% Correct
38,980Tromsø
100%
20,953Harstad
88%
4,658Finnsnes
79%
2,464Setermoen
58%
2,460Skjervøy
38%

Score Distribution

Percentile by Number Answered

Percent of People with Each Score

Your Score History

You have not taken this quiz